Moderní metody v konstrukční praxi

Salvato in:
Dettagli Bibliografici
Autori principali: Plchová, Anna (Autore), Kolesár, Michal (Autore)
Natura: Libro
Lingua:ceco
Pubblicazione: Ostrava : VŠB-Technická univerzita Ostrava, 2004
Soggetti:
Accesso online:OBSAH
Tags: Aggiungi Tag
Nessun Tag, puoi essere il primo ad aggiungerne!!

MARC

LEADER 00000nam a22000003a 4500
001 stu234203
005 20260318095735.0
008 110909s2004----xr------------------cze-d
020 |a 80-248-0538-3 
040 |a STU  |b slo 
041 0 |a cze 
044 |a xr 
080 |a 62.001.66 
100 1 |a Plchová, Anna  |4 aut 
245 1 |a Moderní metody v konstrukční praxi 
260 |a Ostrava :  |b VŠB-Technická univerzita Ostrava,  |c 2004 
300 |a 66 s 
650 7 |a konštruovanie  |2 stusub 
700 1 |a Kolesár, Michal  |4 aut 
856 4 |a https://sweb.mtf.stuba.sk/obsahy/moderni_metody_v_konstrukcni_praxi_04  |u https://sweb.mtf.stuba.sk/obsahy/moderni_metody_v_konstrukcni_praxi_04  |3 OBSAH 
996 |b 284M080121  |c M*S-1534-1  |l MMKN  |s A  |a 24  |w stu234203_0001